Statistics for The 1997 Quiz

Click here to take the quiz!

General Stats

  • This quiz has been taken 404 times
  • The average score is 7 of 13

Answer Stats

HintAnswer% Correct
This princess is killed in a car accident in Paris.Princess Diana
99%
In Scotland, scientists successfully clone this type of mammal.Sheep
79%
This British colony is handed back to the Chinese government.Hong Kong
76%
This female Catholic missionary and humanitarian worker dies at age 87.Mother Teresa
74%
This popular American newspaper uses colour on its front page for the first time.New York Times
61%
This Canadian singer wins the Grammy for Record of the Year for her album Falling into You.Celine Dion
60%
She comes out of the closet, and becomes the first open lesbian to have her own sitcom.Ellen DeGeneres
59%
This rapper is killed in Los Angeles during a drive-by shooting.Notorious B.I.G
50%
This gay Italian fashion designer is murdered by a serial killer.Gianni Versace
47%
The capital of this landlocked Asian country moves from Almaty to Astana.Kazakhstan
45%
Divorce finally becomes legal in this European nation.Republic of Ireland
42%
Be Here Now, an album by this English rock band, is the fastest selling in UK history.Oasis
36%
In the US, 39 members of this cult commit mass suicide.Heaven's Gate
12%

Score Distribution

Percentile by Number Answered

Percent of People with Each Score

Your Score History

You have not taken this quiz